=LDR 00000nam 2200000 4500 =001 INLIS000000000042567 =005 20131008015351 =008 ***********************************ind** =035 ##$$a0010-101300000000489 =041 ##$$a ind =082 ##$$a 618.1 =090 ##$$a 618.1, Nor d =100 ##$$a Norman F Gant =245 ##$$a Dasar-dasar ginekologi =260 ##$$a 2011 $b Jakarta =300 ##$$a X,564 hlm, ilus, 27 cm =650 ##$$a GINEKOLOGI =700 ##$$a F.Gary cuningham =850 ##$$a NBPNMAT =990 ##$$a 91059/BPAP-NTB/2014